Código Civil. y leyes complementarias. Comentado, anotado y concordado. / Tomo 2, artículos 240 a 573 :

Guardado en:
Otros Autores: Zannoni, Eduardo, (coord.)
Formato: Libro
Idioma:Spanish
Publicado: Buenos Aires : Astrea, 1993
Materias:
Etiquetas: Agregar Etiqueta
Sin Etiquetas, Sea el primero en etiquetar este registro!
LEADER 00784nam a22002295a 4500
001 DER.der015566
008 251127s1993####|||||||||||||||||#||spa||
005 20251201133017.0
245 1 0 |a Código Civil.  |n Tomo 2,  |p artículos 240 a 573 :  |b y leyes complementarias. Comentado, anotado y concordado. /  |c dirigido por Augusto Belluscio. 
260 |a Buenos Aires :  |b Astrea,  |c 1993 
300 |a 852 p. 
500 |a Leyes 19.134 y 22.068. 
020 |a 9505080905 
700 1 |a Belluscio, Augusto,  |e dir. 
700 1 |a Zannoni, Eduardo,  |e coord. 
600 1 4 |a Garbini, Beatriz A. 
600 1 4 |a Lagomarsino, Carlos A. R. 
600 1 4 |a Mayo, Jorge A. 
600 1 4 |a Palmieri, Jorge H 
600 1 4 |a Zannoni, Eduardo A. 
650 7 |a DERECHO CIVIL 
859 |a DERECHO  |b BIB. DERECHO  |h 346  |i ARG  |p 007842  |3 Tomo 2